00497nam a2200193 a 4500001001300000003000900013005001700022008004100039020001000080082001600090100002000106245002600126260005500152300000900207500003500216505001000251650002200261700002000283nice12345678IN_TiNIC20260116011847.0050524s1973 bana grp 000 0 eng  ac10000a269.2bPAT2 aPathrapankal, J aService and Salvation aBangalorebTheological Publications in Indiac1973 a623p aincludes index and biblioraphy2 aindex aEvangelistic Work1 aPathrapankal, J